000 00360nam a2200145Ia 4500
008 240624s9999 xx 000 0 und d
041 _aeng
082 _a332.63223 ZIT
100 _aZITO MATTHEW D
245 _aTRADE IPOS ONLINE
250 _a11
260 _c2000
_aNew York
_bJohn Wiley and Sons
300 _axviii, : 206 : p. : cm. ; 23
365 _c
_b30
999 _c18005
_d18005